000 00391nam a2200157Ia 4500
008 230917s9999||||xx |||||||||||||| ||und||
040 _e182956
_aMAIN
041 _aEnglish
082 _a658.4 F494O(4)
100 _aFineman, Stephen
245 0 _aOrganizing and organizations
250 _a4th ed.
260 _aLondon
_bSage Publications
_c2010
300 _axii, 504 p.
942 _cBK
999 _c161451
_d161451